Statistics for Celebrity Knights of the United Kingdom

Click here to take the quiz!

General Stats

  • This quiz has been taken 31,424 times
    (17,836 since last reset)
  • The average score is 13 of 20

Answer Stats

Knighted inClueKnight% Correct
1705Had an insight about gravity after seeing an apple fallSir Isaac Newton
94%
2000
The first actor to star as Bond. James Bond.
Sir Sean Connery
92%
1998He isn't an astronaut. But he did sing "Rocket Man".Sir Elton John
91%
1997Bassist for the BeatlesSir Paul McCartney
91%
2003Lead singer of the Rolling StonesSir Mick Jagger
84%
2021Six-time Formula One champ, most recently in 2020Lewis Hamilton
76%
1980Director of "Psycho"Sir Alfred Hitchcock
76%
2006"Its Not Unusual" to like this Welsh singerSir Tom Jones
72%
1902Creator of Sherlock HolmesSir Arthur Conan Doyle
69%
1953The first person to climb Mt. Everest (with Tenzing Norgay)Sir Edmund Hillary
67%
1991Starred as Gandalf in "The Lord of the Rings"Sir Ian McKellen
66%
2000Founder of Virgin RecordsSir Richard Branson
65%
1581The second captain to circumnavigate the EarthSir Francis Drake
57%
1959Starred as Obi-Wan KenobiSir Alec Guinness
54%
1944He accidentally discovered penicillinSir Alexander Fleming
54%
2010Captain Jean-Luc Picard in "Star Trek"Sir Patrick Stewart
54%
1999Former manager of Manchester UnitedSir Alex Ferguson
52%
1585Tried, unsuccessfully, to colonize VirginiaSir Walter Raleigh
49%
1800sAuthor of "Ivanhoe"Sir Walter Scott
30%
1949Greatest cricketer of all-time?Sir Donald Bradman
22%

Score Distribution

Percentile by Number Answered

Percent of People with Each Score

Your Score History

You have not taken this quiz since the last reset